Porto players (2010-2020) - Statistics

General Stats
  • This quiz has been taken 15 times
  • The average score is 53 of 131
Answer Stats
Rank Player Positions Nationality Matches Goals (assists) Period % Correct
42 Pepe CB 38 3 (1) 2018-2020
100%
3 Yacine Brahimi LW 148 39 (28) 2014-2019
100%
4 Danilo Pereira CB 132 15 (4) 2015-2020
91%
9 Iker Casillas GK 116 0 (1) 2015-2019
91%
2 Jesús Corona RW 151 21 (38) 2015-2020
91%
14 Moussa Marega ST 96 45 (18) 2015-2016, 2017-2020
91%
82 André Pereira ST 10 1 (1) 2017-2019
82%
8 Helton GK 116 0 (1) 2010-2016
82%
18 Jackson Martínez ST 90 67 (11) 2012-2015
82%
25 James Rodríguez AM 65 25 (29) 2010-2013
82%
74 José Sá GK 15 0 (0) 2016-2018
82%
19 Maxi Pereira RB 89 3 (19) 2015-2019
82%
35 Ricardo Pereira RB 46 4 (6) 2013-2015, 2017-2018
82%
22 Vincent Aboubakar ST 83 36 (10) 2014-2016, 2017-2020
82%
20 Alex Sandro LB 87 3 (9) 2011-2016
73%
36 Álvaro Pereira LB 44 1 (8) 2010-2012
73%
40 André Silva ST 41 17 (8) 2015-2017
73%
49 Chancel Mbemba CB 29 2 (1) 2018-2020
73%
17 Danilo CB 91 11 (10) 2011-2015
73%
1 Héctor Herrera DM 164 26 (20) 2013-2019
73%
21 João Moutinho CM 83 4 (24) 2010-2013
73%
38 Juan Fernando Quintero AM 42 6 (8) 2013-2015
73%
23 Nicolás Otamendi CB 77 7 (3) 2010-2014
73%
61 Radamel Falcao ST 23 16 (4) 2010-2012
73%
39 Ricardo Quaresma RW 42 10 (7) 2013-2015
73%
6 Alex Telles LB 126 19 (38) 2016-2020
64%
34 Bruno Martins Indi CB 47 2 (0) 2014-2016
64%
31 Hulk ST 55 41 (27) 2010-2013
64%
5 Iván Marcano CB 127 16 (4) 2014-2018, 2019-2020
64%
28 Lucho González CM 57 8 (8) 2011-2014
64%
56 Matheus Uribe DM 26 1 (1) 2019-2020
64%
13 Tiquinho Soares ST 97 45 (10) 2016-2020
64%
7 Varela LW 123 25 (18) 2010-2014, 2015-2017
64%
47 Agustín Marchesín GK 31 0 (0) 2019-2020
55%
53 Casemiro DM 28 3 (2) 2014-2015
55%
60 Cristian Rodríguez LM 23 2 (2) 2010-2012
55%
50 Éder Militão CB 29 3 (4) 2018-2019
55%
80 Fábio Silva ST 12 1 (0) 2019-2020
55%
16 Fernando DM 92 2 (5) 2010-2014
55%
11 Óliver Torres CM 99 12 (13) 2014-2015, 2016-2019
55%
12 Otávio AM 97 8 (25) 2016-2020
55%
27 Rúben Neves DM 59 3 (1) 2014-2017
55%
57 Adrián López ST 25 1 (3) 2014-2015, 2016-2017, 2018-2019
45%
24 André André CM 65 3 (10) 2015-2018
45%
109 Diogo Costa GK 3 0 (0) 2019-2020
45%
99 Diogo Dalot RB 6 0 (2) 2017-2018
45%
54 Diogo Jota ST 27 8 (7) 2016-2017
45%
32 Eliaquim Mangala CB 51 6 (1) 2011-2014
45%
15 Felipe CB 93 6 (4) 2016-2019
45%
52 Luis Díaz LW 29 6 (4) 2019-2020
45%
10 Maicon CB 112 10 (3) 2010-2016
45%
87 Mariano González RW 10 0 (0) 2010-2011
45%
33 Miguel Layún RB 50 6 (19) 2015-2018
45%
30 Rolando CB 56 1 (3) 2010-2013
45%
107 Vaná Alves GK 4 0 (0) 2017-2019
45%
67 Zé Luís ST 19 7 (0) 2019-2020
45%
98 Beto GK 6 0 (0) 2010-2011
36%
105 Bruno Costa CM 4 0 (0) 2018-2020
36%
45 Cristian Săpunaru CB 34 2 (1) 2010-2012
36%
44 Cristian Tello LW 36 7 (9) 2014-2016
36%
62 Diego Reyes CB 20 2 (1) 2013-2015, 2017-2018
36%
79 Diogo Leite CB 12 1 (0) 2018-2020
36%
91 Fábio Vieira AM 8 2 (1) 2019-2020
36%
81 Fernando Andrade LW 12 0 (2) 2018-2019
36%
51 Fredy Guarín CM 29 6 (2) 2010-2012
36%
114 João Mário RB 2 0 (0) 2019-2020
36%
59 Jorge Fucile RB 24 0 (0) 2010-2012, 2013-2014
36%
29 Sérgio Oliveira CM 57 10 (9) 2015-2020
36%
72 Shoya Nakajima AM 16 0 (1) 2019-2020
36%
26 Steven Defour DM 65 3 (5) 2011-2014
36%
94 Vitinha CM 8 0 (0) 2019-2020
36%
41 Wilson Manafá RB 41 2 (1) 2018-2020
36%
73 Abdoulaye Ba CB 15 0 (0) 2012-2014
27%
104 Alberto Bueno CF 4 0 (1) 2015-2016
27%
121 Andrés Fernández GK 1 0 (0) 2014-2015
27%
69 Christian Atsu LW 17 1 (1) 2012-2013
27%
95 Daniel Osvaldo ST 7 1 (1) 2015-2016
27%
77 Djalma RW 14 1 (1) 2011-2012
27%
43 Fabiano GK 37 0 (0) 2012-2015, 2017-2018
27%
37 Fernando Belluschi AM 42 3 (11) 2010-2012
27%
84 Giannelli Imbula DM 10 0 (1) 2015-2016
27%
48 Hernâni LW 30 3 (1) 2014-2015, 2017-2019
27%
100 Juan Iturbe RW 6 0 (0) 2011-2014
27%
125 Kadú GK 1 0 (0) 2011-2012
27%
75 Kelvin RW 15 3 (2) 2012-2014, 2016-2017
27%
96 Laurent Depoitre ST 7 1 (1) 2016-2017
27%
103 Majeed Waris CF 5 0 (0) 2017-2018
27%
93 Mamadou Loum DM 8 1 (0) 2018-2020
27%
64 Rúben Micael CM 20 0 (6) 2010-2012
27%
65 Souza CB 20 0 (0) 2010-2012
27%
131 Yordan Osorio CB 1 0 (0) 2017-2018
27%
112 Aly Cissokho CB 2 0 (0) 2015-2016
18%
83 Chidozie Awaziem CB 10 0 (0) 2015-2016
18%
76 Cote LB 14 0 (1) 2014-2016
18%
46 Evandro AM 32 2 (1) 2014-2016
18%
88 Hyun-jun Suk ST 9 1 (2) 2015-2016
18%
92 João Carlos Teixeira AM 8 0 (1) 2016-2017
18%
55 Kléber ST 26 9 (2) 2011-2013
18%
58 Licá LW 25 3 (4) 2013-2014
18%
78 Marat Izmailov AM 13 1 (0) 2012-2013
18%
86 Marc Janko ST 10 4 (0) 2011-2012
18%
116 Miguel Lopes RB 2 1 (1) 2012-2013
18%
127 Momo Mbaye GK 1 0 (0) 2019-2020
18%
71 Nabil Ghilas ST 16 1 (4) 2013-2014
18%
128 Pawel Kieszek GK 1 0 (0) 2010-2011
18%
97 Sereno CB 7 0 (0) 2010-2011
18%
66 Walter ST 19 7 (1) 2010-2012
18%
108 Willy Boly CB 4 0 (0) 2016-2017
18%
68 Castro CM 18 1 (1) 2010-2011, 2012-2013
9%
70 Eduardo AM 17 4 (4) 2013-2014
9%
102 Emídio Rafael LB 5 0 (0) 2010-2011
9%
122 Fernando Fonseca RB 1 0 (0) 2016-2017
9%
110 Francisco Ramos DM 3 0 (0) 2015-2016
9%
113 Galeno LW 2 0 (0) 2017-2018
9%
85 Gonçalo Paciência ST 10 0 (1) 2014-2015, 2017-2018
9%
123 Héctor Quiñónes LB 1 0 (0) 2012-2013
9%
124 Joris Kayembe LB 1 0 (0) 2013-2014
9%
115 José Campaña CM 2 0 (0) 2014-2015
9%
63 Josué AM 20 4 (5) 2013-2014
9%
101 Liedson ST 6 0 (1) 2012-2013
9%
126 Marius Mouandilmadji ST 1 1 (0) 2018-2019
9%
117 Mikel Agu DM 2 0 (0) 2013-2014
9%
111 Paulinho AM 3 0 (0) 2017-2018
9%
129 Rafael Bracali GK 1 0 (0) 2011-2012
9%
89 Romário Baró CM 9 0 (1) 2019-2020
9%
90 Rui Pedro AM 9 2 (0) 2016-2017
9%
106 Sebá LW 4 0 (1) 2012-2013
9%
118 Tomás Esteves RB 2 0 (0) 2019-2020
9%
119 Tozé AM 2 0 (0) 2012-2014
9%
120 Ukra RW 2 0 (0) 2010-2011
9%
130 Víctor García RB 1 0 (0) 2013-2014
9%
No matching quizzes found
Score Distribution
Percent of People with Each Score
Percentile by Number Answered
Your Score History
You have not taken this quiz